| 000 | 00353nam a2200145Ia 4500 | ||
|---|---|---|---|
| 008 | 230312s9999||||xx |||||||||||||| ||und|| | ||
| 020 | _a81-7635-248-9 | ||
| 082 |
_a004.659 _bPEN-T |
||
| 100 | _aProakis;John | ||
| 245 | 0 | _aDigital Signal Processing | |
| 260 |
_bTechmedia _aIndia _c1998 |
||
| 300 | _a502 | ||
| 650 |
_aComputer _vComputer |
||
| 942 | _cBK | ||
| 999 |
_c15270 _d15270 |
||